000 00407nam a2200169Ia 4500
003 0STCL
008 150530s9999 xx 000 0 und d
040 _aSTCL
_cSTCL
100 _aDudley Dillard
245 _aEconomics of John Maynard Keynes the theory of a monetary economy
250 _aEighth
260 _c1963
546 _aEnglish
942 _2ddc
_cBK
999 _c13331
_d13331
005 20220125165650.0